000 02427cam a22002054a 4500
005 20250605164140.0
008 250528s ||||||||||||||||||||||||d
035 _a18947
020 _a9607601106
040 _aGR-AtMCL
_bgre
_dGR-AtMCL
_eAACR2
245 1 _aΓεράσιμος Σκλάβος / Αφαίρεση - Τραγικότητα - Μοντερνισμός
300 _a232
505 0 _aΠρόλογος, Βιογραφικά Στοιχεία - Η Διαμόρφωση της Θεώρησης του Κόσμου του Σκλάβου, Αισθητική και Ιδεολόγια, Η Αφαίρεση και η Τραγική Θεώρηση, Τα Όρια της Τραγικής Θεώρησης, Ο Σκλάβος και η Ελληνική Πρωτοπορία του Παρισιού, Ο Σκλάβος και η Ελληνική Πρωτοπορία του Παρισιού, Ο Σκλάβος και η Τεχνική, Η Κοινωνική Διάσταση της Αφαίρεσης, Τα Ιστορικά Όρια της Ουτοπίας, Η Διαλεκτική της Τραγικότητας ή η Τραγικότητα της Διαλεκτικής, Προς μία Εμμενή Αρνητικότητα, Ο Σκλάβος και τα Επτάνησα και ο Μοντερνισμός, Επίλογος.
520 _aΠρόλογος, Βιογραφικά Στοιχεία - Η Διαμόρφωση της Θεώρησης του Κόσμου του Σκλάβου, Αισθητική και Ιδεολόγια, Η Αφαίρεση και η Τραγική Θεώρηση, Τα Όρια της Τραγικής Θεώρησης, Ο Σκλάβος και η Ελληνική Πρωτοπορία του Παρισιού, Ο Σκλάβος και η Ελληνική Πρωτοπορία του Παρισιού, Ο Σκλάβος και η Τεχνική, Η Κοινωνική Διάσταση της Αφαίρεσης, Τα Ιστορικά Όρια της Ουτοπίας, Η Διαλεκτική της Τραγικότητας ή η Τραγικότητα της Διαλεκτικής, Προς μία Εμμενή Αρνητικότητα, Ο Σκλάβος και τα Επτάνησα και ο Μοντερνισμός, Επίλογος.
700 1 _aΦιοραβάντες Βασίλης
_95230
942 _cBK
260 _bΠαρουσία
999 _c4244
_d4244